Computer architecture : (Record no. 194844)
[ view plain ]
| 000 -LEADER | |
|---|---|
| fixed length control field | 01540 a2200289 4500 |
| 003 - CONTROL NUMBER IDENTIFIER | |
| control field | Nust |
| 005 - DATE AND TIME OF LATEST TRANSACTION | |
| control field | 20220726124212.0 |
| 010 ## - LIBRARY OF CONGRESS CONTROL NUMBER | |
| LC control number | 2006024358 |
| 020 ## - INTERNATIONAL STANDARD BOOK NUMBER | |
| International Standard Book Number | 0123704901 (pbk. : alk. paper) |
| 020 ## - INTERNATIONAL STANDARD BOOK NUMBER | |
| International Standard Book Number | 9780123704900 |
| 035 ## - SYSTEM CONTROL NUMBER | |
| System control number | (OCoLC)70830951 |
| 035 ## - SYSTEM CONTROL NUMBER | |
| System control number | (OCoLC)ocm70830951 |
| 040 ## - CATALOGING SOURCE | |
| Transcribing agency | Nust |
| 082 00 - DEWEY DECIMAL CLASSIFICATION NUMBER | |
| Classification number | 004.22,HEN |
| 100 1# - MAIN ENTRY--PERSONAL NAME | |
| Personal name | Hennessy, John L. |
| 245 10 - TITLE STATEMENT | |
| Title | Computer architecture : |
| Remainder of title | a quantitative approach / |
| Statement of responsibility, etc. | John L. Hennessy, David A. Patterson ; with contributions by Andrea C. Arpaci-Dusseau ... [et al.]. |
| 250 ## - EDITION STATEMENT | |
| Edition statement | 4th ed. |
| 260 ## - PUBLICATION, DISTRIBUTION, ETC. | |
| Place of publication, distribution, etc. | Amsterdam ; |
| -- | Boston : |
| Name of publisher, distributor, etc. | Morgan Kaufmann, |
| Date of publication, distribution, etc. | 2007. |
| 300 ## - PHYSICAL DESCRIPTION | |
| Extent | 1 v. (various pagings) : |
| Other physical details | ill. ; |
| Dimensions | 24 cm. + |
| Accompanying material | 1 CD-ROM (4 3/4 in.) |
| 505 ## - FORMATTED CONTENTS NOTE | |
| Formatted contents note | fundamentals of Computer Design (Page-1), Instruction Level Parallelism and its Exploitation (Page-66), Limits on Instruction-Level Parallelism (Page-154), Multiprocessors and Thread-Level Parallelism (Page-196),Memory Hierarchy Design (Page-288). Storage Systems (Page-358), APPENDIX A: Pipelining: Basic and Intermediate Concepts (Page A-2), APPENDIX B: Instruction Set Principles and Examples (Page B-2), APPENDIX C: Instruction Set Principles and Examples (Page C-2). |
| 650 #0 - SUBJECT ADDED ENTRY--TOPICAL TERM | |
| Topical term or geographic name entry element | Computer architecture. |
| 700 1# - ADDED ENTRY--PERSONAL NAME | |
| Personal name | Arpaci-Dusseau, Andrea C. |
| 9 (RLIN) | 94179 |
| 700 1# - ADDED ENTRY--PERSONAL NAME | |
| Personal name | Patterson, David A. |
| 856 41 - ELECTRONIC LOCATION AND ACCESS | |
| Materials specified | Publisher description |
| Uniform Resource Identifier | <a href="http://www.loc.gov/catdir/enhancements/fy0665/2006024358-d.html">http://www.loc.gov/catdir/enhancements/fy0665/2006024358-d.html</a> |
| 856 41 - ELECTRONIC LOCATION AND ACCESS | |
| Materials specified | Table of contents only |
| Uniform Resource Identifier | <a href="http://www.loc.gov/catdir/toc/ecip0618/2006024358.html">http://www.loc.gov/catdir/toc/ecip0618/2006024358.html</a> |
| 942 ## - ADDED ENTRY ELEMENTS (KOHA) | |
| Source of classification or shelving scheme | |
| Koha item type | Book |
| Call number prefix | 004.22,HEN |
| Withdrawn status | Lost status | Source of classification or shelving scheme | Damaged status | Not for loan | Permanent Location | Current Location | Shelving location | Date acquired | Full call number | Barcode | Date last seen | Price effective from | Koha item type | Public note | Total Checkouts | Date last checked out |
|---|---|---|---|---|---|---|---|---|---|---|---|---|---|---|---|---|
| Military College of Signals (MCS) | Military College of Signals (MCS) | General Stacks | 12/12/2016 | 004.22,HEN | MCS36406 | 12/08/2016 | 12/12/2016 | Book | Almirah No.2, Self No.3 | |||||||
| Military College of Signals (MCS) | Military College of Signals (MCS) | General Stacks | 07/26/2022 | 004.22,HEN | MCS33774 | 02/21/2023 | 07/26/2022 | Book | Almirah No.2, Self No.3 | 1 | 02/15/2023 |
